000 01279nam a2200313 i 4500
003 EG-GICUC
005 20260121101217.0
008 251112s1965 sy ||||fr|||| 00| 0 ara d
040 _a EG-GICUC
_bara
_c EG-GICUC
_d EG-GICUC
_erda
041 0 _aara
082 0 4 _221
_a345
_bع د . و
092 0 4 _221
099 _aLaw1 07 345 ع د . و 3 ed - 1965
100 0 _aعدنان العجلاني
_eمؤلف.
245 1 2 _aالوجيز في الحقوق الإدارية.
_nالجزء الأول،
_pالسلطة العامة /
_cعدنان العجلاني.
250 _aالطبعة الثالثة
264 3 _aدمشق :
_bمطبعة جامعة دمشق
_c1965.
300 _a386 ؛صفحة
_c24 سم.
336 _2rda content
_atext
337 _2rda media
_aComputer
338 _2rda carrier
_aOnline Resource
504 _aيشتمل على إرجاعات ببليوغرافية.
505 _aمحاضرات ألقيت على طلاب السنة الثانية في كلية الحقوق بدمشق.
546 _aالنص أغلبه باللغة العربية مع بعض النصوص الفرنسية
650 1 4 _aالقانون الإداري
856 4 0 _uhttps://fll.law.cu.edu.eg/fulltext/bks/B07-00438.pdf
905 _a32
942 _2ddc
_cBK
_e21
_n0
999 _c42983
_d42983